000 00451nam a2200181 a 4500
001 9428
003 CO-ViMGA
008 141112s2004 ck r 000 u spa d
020 _a8423318192
040 _aCO-ViMGA
_bspa
_cCO-ViMGA
082 0 4 _a863.6 C35p
100 1 _aCela, Camilo Jose
_952337
245 1 0 _aPabellón de reposo
260 _aBarcelona :
_bEdiciones Destino
300 _a210p.
650 1 4 _aNOVELA - ESPAÑOLA
_9488
942 _2ddc
_cBK
999 _c20947
_d20947